| 000 | 02715cam a22004457a 4500 | ||
|---|---|---|---|
| 999 |
_c331018 _d331018 |
||
| 001 | 16924985 | ||
| 003 | NUST | ||
| 005 | 20180117090030.0 | ||
| 008 | 110818s2012 enka b 001 0 eng d | ||
| 010 | _a 2011936865 | ||
| 015 |
_aGBB1D4091 _2bnb |
||
| 016 | 7 |
_a015974066 _2Uk |
|
| 020 | _a9780857023278 (hbk.) | ||
| 020 | _a0857023276 (hbk.) | ||
| 020 | _a9780857023285 (pbk.) | ||
| 020 | _a0857023284 (pbk.) | ||
| 035 | _a(OCoLC)ocn762990210 | ||
| 040 |
_aUKMGB _cUKMGB _dYDXCP _dCDX _dYNK _dMMU _dDLC |
||
| 042 | _alccopycat | ||
| 050 | 0 | 0 |
_aRC489.W75 _bW75 2012 |
| 082 | 0 | 4 |
_a615.8515 _223 |
| 100 | 1 |
_aWright, Jeannie. _94390 |
|
| 245 | 1 | 0 |
_aReflective writing in counselling and psychotherapy / _cJeannie Wright, Gillie Bolton. |
| 260 |
_aLondon ; _aThousand Oaks, Calif. : _bSAGE, _c2012. |
||
| 300 |
_axvi, 205 p. : _bill. ; _c24 cm. |
||
| 504 | _aIncludes bibliographical references (p. [194]-200) and index. | ||
| 505 | 0 | _aMAPS -- Preparing for the journey: what this book is and how to use it -- Why take the journey? The rationale for personal and professional journal keeping -- Preparing for the adventure: essential theory -- Starting out: how to write reflectively -- Writing to identify prejudice: culture, assumptions and stereotypes -- Navigation -- With company or travelling alone? Writing with others, whether in writing groups, online or to an imagined audience -- Writing the past: autobiographical memories -- Here and now: writing the present: focuses on current experiences and relationships, both personal and professional -- Looking back to look forward: writing the future: focuses on using imagination to envisage the future -- Signposts -- Getting stuck: how to deal with blocks, overcoming obstacles and general difficulties: how to develop hope and resilience -- Supervision, reflexive and reflective writing: reflective practice is one of the cornerstones of professional therapeutic relationships -- Assessment: signposts for assessing personal development writing -- Arrivals and continuing the journey: reflective writing for CPD; essential questions. | |
| 650 | 0 |
_aCreative writing _xTherapeutic use. _94391 |
|
| 650 | 0 |
_aCounseling. _94000 |
|
| 650 | 0 |
_aPsychotherapy. _94392 |
|
| 650 | 1 | 2 |
_aWriting. _94393 |
| 650 | 2 | 2 |
_aCounseling _xmethods. _94217 |
| 650 | 2 | 2 |
_aPsychotherapy _xmethods. _94107 |
| 700 | 1 |
_aBolton, Gillie. _94394 |
|
| 906 |
_a7 _bcbc _ccopycat _d2 _encip _f20 _gy-gencatlg |
||
| 942 |
_2ddc _cBK |
||